| 000 | 00420nam a2200145Ia 4500 | ||
|---|---|---|---|
| 008 | 150201s2007 xx 000 0 und d | ||
| 082 |
_a612.015 _bB2007D |
||
| 100 | _aDANIEL | ||
| 245 | _aBIOSTATICSTICS : A FOUNDATION FOR ANALYSIS IN THE HEALTH SCIENCES | ||
| 250 | _a3RD | ||
| 260 |
_bWILEY BLACKWELL PUBLISHING _aEDINBURGH _c2007 |
||
| 300 | _a1-751 | ||
| 650 | _aPREVENTIVE AND COMMUNITY DENTISTRY | ||
| 942 |
_2ddc _cBK |
||
| 999 |
_c4152 _d4152 |
||